000 00741nam a2200229 i 4500
001 bg
245 0 0 _aPodstawy chemii :
_bćwiczenia laboratoryjne : praca zbiorowa /
_cpod red. Mariana Kucharskiego ; [aut. Marian Kucharski et al.] ; Politechnika Białostocka.
260 _aBiałystok :
_bDział Wydawnictw i Poligrafii PB,
_c1998.
300 _a256 s. :
_brys., wykr. ;
_c23 cm.
504 _aBibliogr. s. 255-256.
650 9 _aChemia
655 _aPodręczniki akademickie
700 1 _aKUCHARSKI, Marian.
_eRed.
710 0 _aPolitechnika Białostocka
020 _a8386272821
040 _cBPK
041 0 _apl
080 _a54(075.8)
920 _a83-86272-82-1
942 _cKS
008 s pl f |000 0 pol
999 _c37846
_d37846
856 _uhttp://koha.tu.koszalin.pl/cgi-bin/koha/opac-detail.pl?biblionumber=37846
_yKatalog online BPK